Сучасна інтерпретація англосаксонського епосу "Беовульф" (за романом Дж. Гарднера "Грендель") (Запис № 285990)

МАРК-запис
000 -Лідер
fixed length control field 02515nam a22002297a 4500
001 - Контрольний номер
control field 216222711
003 - Ідентифікатор контрольного номера
control field UA-OsUOA
005 - Дата та час останнього входження (трансакції)
control field 20220816153016.0
008 - Елементи даних фіксованої довжини – загальна інформація
fixed length control field 220816b un ||||f |||| 00| 0 ukr d
040 ## - Джерело каталогізації
Агенція оригінальної каталогізації UA-OsUOA
Мова каталогізації ukr
Агенція, яка здійснювала перезапис UA-OsUOA
Агенція, яка здійснювала модифікацію UA-OsUOA
041 ## - Код мови
Код мови тексту/ звукової доріжки чи окремого заголовка (П) ukr
080 ## - Індекс Універсальної десяткової класифікації
Індекс Універсальної десяткової класифікації (УДК) (НП) 82
090 ## - Локальний шифр розміщення
Класифікаційний індекс УДК 82
Авторський знак (НП) Т35
100 ## - Основне введення – ім’я особи
Ім’я особи (НП) Тереховський Б. М.
245 ## - Відомості про назву
Назва (НП) Сучасна інтерпретація англосаксонського епосу "Беовульф" (за романом Дж. Гарднера "Грендель")
Дані про відповідальність (НП) Тереховський Б. М.
260 ## - Публікація, розповсюдження і т.п. (Вихідні дані)
Місце публікації, розповсюдження і т.п. (П) Острог
Ім’я/ наймення видавництва, розповсюджувача і т.п. (П) КАФ
Дата публікації, розповсюдження і т.п. (П) 2018
300 ## - Фізичний опис
Обсяг 96 с.
520 ## - Резюме і т.п.
Резюме, реферат, анотація, тощо (НП) Вступ.<br/>Розділ 1. Теоретичні засади вивчення англосаксонського епосу "Беовульф" у різних сферах гуманітарних наук.<br/>1.1. Походження англосаксонського епосу "Беовульф": історико-хронологічний аспект.<br/>1.2. Теорія "Беовульфознавства" та стан її розробки у різних сферах гуманітарних наук.<br/>1.3. Репрезентація ключових характеристик у тексті "Беовульф".<br/>1.4. Конструювання картини світобачення в творі "Пісня про Беовульфа".<br/>Висновки до розділу 1. <br/>Розділ 2. Сучасна інтерпретація англосаксонського епосу "Беовульф" крізь призму роману Дж. Гарднера "Грендель".<br/>2.1. Загальна характеристика "Грендель" Дж. Гарднера як філософського і філологічного роману.<br/>2.2. Роман Дж. Гарднера "Грендель": діалектика образу в контексті проблематики твору.<br/>2.3. Етика роману Джона Гарднера в контексті мотивів світової літератури.<br/>Висновки до розділу 2. <br/>Висновки.<br/>Список використаної літератури.<br/>Список джерел довідкової літератури.<br/>Список джерел ілюстративного матеріалу.
650 ## - Додаткове предметне введення – тематичний термін
Тематичний термін чи географічна назва, як елемент введення (НП) 82 Художня література. Літературознавство
Джерело заголовка чи терміна UDC
942 ## - Додаткові елементи входу (Коха)
Тип елемента Koha Книги
Source of classification or shelving scheme Universal Decimal Classification
955 ## - Код типу видання за змістом
Код типу видання за змістом (НП) Наукові видання
Фонди
Стан вилучень Стан втрат Джерело класифікації або схеми стелажів Стан уражень Не для кредиту Постійне місце розташування Поточне розміщення Дата придбання Джерело придбання Вартість, звичайна ціна покупки Повний номер виклику Штрих-код Дата останнього перегляду Вартість, ціна заміни Ціна ефективна від Тип елемента Koha Примітка, призначена для загального доступу
    Universal Decimal Classification     ВІЛ - Відділ іноземн. літератури НБ ВІЛ - Відділ іноземн. літератури НБ 02/07/2018 Акт №01/18 1.00 82 Т35 216197 10/11/2021 1.00 02/07/2018 Книги Дипломна робота (магістр)